000 00347pab a2200145 454500
008 180718b1990 xxu||||| |||| 00| 0 eng d
100 _aGanesan, R.
245 _aEconomic of rural transportation
260 _c1990
300 _a5-9
362 _aFeb.
650 _aTransportation
773 _aJournal of Transport Management
909 _a19911
999 _c19911
_d19911